Statistics for FIFA World Cup Host Cities*

Click here to take the quiz!

General Stats

  • This quiz has been taken 117 times
    (95 since last reset)
  • The average score is 96 of 178

Answers on the Map

Answers color-coded by a green-red scale on the quiz's map according to % correct below.
 

Answer Stats

Answer% Correct
Paris
95%
Paris (Colombes)
95%
Paris (Saint-Denis)
95%
Barcelona
93%
Madrid
93%
Munich
93%
(West) Berlin
93%
Rio de Janeiro
90%
São Paulo
90%
The Ruhr (Dortmund)
90%
Buenos Aires
88%
London
88%
Hamburg
85%
Manchester
85%
Marseille
85%
Santiago
85%
Seville
85%
Tokyo (Yokohama)
85%
Cologne
83%
Frankfurt
83%
Liverpool
83%
Lyon
83%
Rome
83%
Saint Petersburg
83%
Seoul
83%
Tokyo (Saitama)
83%
Valencia
83%
Chicago
80%
Doha
80%
Los Angeles (Pasadena)
80%
Milan
80%
Moscow
80%
Naples
80%
New York
80%
New York (East Rutherford)
80%
Zürich
80%
Bern
78%
Bilbao
78%
Bordeaux
78%
Brasília
78%
Mexico City
78%
Miami
78%
San Francisco
78%
Seattle
78%
Toronto
78%
Vancouver
78%
Dallas
75%
Leipzig
75%
San Francisco (Stanford)
75%
Stockholm (Solna)
75%
Johannesburg
73%
Lille
73%
Montevideo
73%
Washington D.C.
73%
Birmingham
70%
Cape Town
70%
Houston
70%
Manaus
70%
Nantes
70%
Orlando
70%
Toulouse
70%
Düsseldorf
68%
Stuttgart
68%
Turin
68%
Atlanta
65%
Belo Horizonte
65%
Boston
65%
Boston (Foxborough)
65%
Geneva
65%
Guadalajara
65%
Pretoria
65%
The Ruhr (Gelsenkirchen)
65%
Florence
63%
Guadalajara (Zapopan)
63%
Hanover
63%
Malmö
63%
Nuremburg
63%
Osaka (Kobe)
63%
Philadelphia
63%
Recife
63%
Gothenburg
60%
Montpelier
60%
Osaka
60%
A Coruña
58%
Durban
58%
Palermo
58%
Rosario
58%
Sochi
58%
Bari
55%
Busan
55%
Monterrey
55%
Monterrey (San Nicolás de la Garza)
55%
Porto Alegre
55%
Sheffield
55%
Vigo
55%
Zaragoza
55%
Córdoba
53%
Genoa
53%
Lausanne
53%
Málaga
53%
Rostov-on-Don
53%
Saint-Étienne
53%
Strasbourg
53%
Alicante
50%
Basel
50%
Bologna
50%
Fortaleza
50%
Gqeberha
50%
Kaliningrad
50%
Kansas City
50%
Bloemfontein
48%
Cagliari
48%
Curitiba
48%
Valparaíso (Viña del Mar)
48%
Verona
48%
Lens
45%
Samara
45%
Sapporo
45%
Sunderland
45%
Valladolid
45%
Volgograd
45%
Kazan
43%
Le Havre
43%
Middlesbrough
43%
Nizhny Novgorod
43%
Oviedo
43%
Salvador
43%
Yekaterinburg
43%
Elche
40%
Incheon
40%
Puebla
40%
Reims
40%
Trieste
40%
Kaiserslautern
38%
Lusail
38%
Daegu
35%
Udine
35%
León
30%
Lugano
30%
Mendoza
30%
Gijón
28%
Natal
28%
Toluca
28%
Al Rayyan
25%
Mar del Plata
25%
Norrköping
25%
Saransk
25%
Cuiabá
23%
Al Khor
20%
Arica
20%
Antibes
18%
Daejeon
18%
Polokwane
18%
Querétaro
18%
Rustenburg
18%
Ulsan
18%
Gwangju
15%
Helsingborg
15%
Mbombela
15%
Örebro
15%
Niigata
13%
Suwon
13%
Västerås
13%
Pontiac
10%
Rancagua
10%
Shizuoka
10%
Borås
8%
Eskilstuna
8%
Halmstad
8%
Irapuato
8%
Ōita
8%
Jeonju
5%
Uddevalla
5%
Al Wakrah
3%
Kashima
3%
Miyagi
3%
Sandviken
3%
Seogwipo
3%

Score Distribution

Percentile by Number Answered

Percent of People with Each Score

Your Score History

You have not taken this quiz since the last reset